Adolescence in the life cycle : (Record no. 990)

MARC details
000 -LEADER
fixed length control field 01584cam a2200337 i 4500
005 - DATE AND TIME OF LATEST TRANSACTION
control field 20260322212042.0
008 - FIXED-LENGTH DATA ELEMENTS--GENERAL INFORMATION
fixed length control field data
010 ## - LIBRARY OF CONGRESS CONTROL NUMBER
LC control number 74022002
020 ## - INTERNATIONAL STANDARD BOOK NUMBER
International Standard Book Number 0470221550
020 ## - INTERNATIONAL STANDARD BOOK NUMBER
International Standard Book Number 9780470221556
040 ## - CATALOGING SOURCE
Original cataloging agency DLC
Transcribing agency DLC
Modifying agency CtY
043 ## - GEOGRAPHIC AREA CODE
Geographic area code n-us---
050 0# - LIBRARY OF CONGRESS CALL NUMBER
Classification number HQ796
Item number .A3326
060 ## - NATIONAL LIBRARY OF MEDICINE CALL NUMBER
Classification number WS462 A233 1973
096 ## - LOCALLY ASSIGNED NLM-TYPE CALL NUMBER (OCLC)
Classification number WS 462 D784a 1975
001 - CONTROL NUMBER
control field data
245 00 - TITLE STATEMENT
Title Adolescence in the life cycle :
Remainder of title psychological change and social context /
Statement of responsibility, etc. edited by Sigmund E. Dragastin, Glen H. Elder & National Institute of Child Health and Human Development (U.S.).
260 0# - PUBLICATION, DISTRIBUTION, ETC.
Place of publication, distribution, etc. New York :
Name of publisher, distributor, etc. distributed by Halsted Press,
Place of publication, distribution, etc. New York :
Name of publisher, distributor, etc. distributed by Halsted Press,
Date of publication, distribution, etc. 1975.
300 ## - PHYSICAL DESCRIPTION
Extent xi, 324 p. :
Other physical details ill. ;
Dimensions 24 cm.
500 ## - GENERAL NOTE
General note Papers originally prepared for a research conference sponsored by the Growth and Development Branch, National Institute of Child Health and Human Development and held Oct. 2-5, 1973, Hunt Valley, Md.
504 ## - BIBLIOGRAPHY, ETC. NOTE
Bibliography, etc. note Includes bibliographical references and index.
590 ## - LOCAL NOTE (RLIN)
Local note Papers originally prepared for a research conference sponsored by the Growth and Development Branch, National Institute of Child Health and Human Development and held Oct. 2-5, 1973, Hunt Valley, Md.
650 #0 - SUBJECT ADDED ENTRY--TOPICAL TERM
Topical term or geographic name entry element Adolescence.
650 #0 - SUBJECT ADDED ENTRY--TOPICAL TERM
Topical term or geographic name entry element Adolescent psychology.
650 #0 - SUBJECT ADDED ENTRY--TOPICAL TERM
Topical term or geographic name entry element Maturation (Psychology)
650 #2 - SUBJECT ADDED ENTRY--TOPICAL TERM
Topical term or geographic name entry element Adolescence
Form subdivision Congresses.
650 #2 - SUBJECT ADDED ENTRY--TOPICAL TERM
Topical term or geographic name entry element Adolescent Psychology
Form subdivision Congresses.
700 1# - ADDED ENTRY--PERSONAL NAME
Personal name Dragastin, Sigmund E.
700 1# - ADDED ENTRY--PERSONAL NAME
Personal name Elder, Glen H.
710 2# - ADDED ENTRY--CORPORATE NAME
Corporate name or jurisdiction name as entry element National Institute of Child Health and Human Development (U.S.).
Subordinate unit Growth and Development Branch.
Holdings
Withdrawn status Lost status Damaged status Not for loan Home library Current library Shelving location Date acquired Total checkouts Full call number Barcode Date last seen Price effective from Koha item type
        Franklin Franklin General stacks 22/03/2026   HQ796 .A3326 BC0011023 22/03/2026 22/03/2026 Books